书目信息 |
| 题名: |
裂片元素
|
|
| 作者: | ||
| 分册: | ||
| 出版信息: | 北京 原子能出版社 1978 |
|
| 页数: | 319页 | |
| 开本: | 19cm | |
| 丛书名: | ||
| 单 册: | ||
| 中图分类: | TL24 | |
| 科图分类: | ||
| 主题词: | 裂变产物--文集 | |
| 电子资源: | ||
| ISBN: | ||
| 000 | 00537nam0 2200217 45 | |
| 001 | 0178002335 | |
| 005 | 20060722152111.57 | |
| 010 | @dCNY1.05 | |
| 091 | @b15175.135 | |
| 100 | @a19950728d1978 emky0chiy0121 ea | |
| 101 | 1 | @achi |
| 102 | @aCN@b110000 | |
| 105 | @ay z 000yy | |
| 200 | 10 | @a裂片元素@Alie pian yuan su@e译文集 |
| 210 | @a北京@c原子能出版社@d1978 | |
| 215 | @a319页@d19cm | |
| 517 | 1 | @a译文集@Ayi wen ji |
| 606 | @a裂变产物@x文集 | |
| 690 | @aTL24@v3 | |
| 801 | 0 | @aCN@bTSSF@c20060722 |
| 905 | @a10447@dTL24@e22 | |
| 裂片元素:译文集.-北京:原子能出版社,1978 |
| 319页;19cm |
| ISBN :CNY1.05 |
| ● |
| 相关链接 |
|
|
|
|
正题名:裂片元素
索取号:TL24/22
 
预约/预借
| 序号 | 登录号 | 条形码 | 馆藏地/架位号 | 状态 | 备注 |
| 1 | 0437599 | 204375997 | 密集书库/ [索取号:TL24/22] | 在馆 | |
| 2 | 0438133 | 204381338 | 密集书库/ [索取号:TL24/22] | 在馆 |